000 00220nam a2200097Ia 4500
008 170627s9999 xx 000 0 und d
100 _aPAREEK-UDAI
245 0 _aTRAINING INSTRUMENTS HRD AND OD
260 _bTMH
260 _c2007
546 _aENGLISH
999 _c35543
_d35543